000 00603nam a2200169 4500
010 _aENG-147632
020 _c1728.00
_a9788197840531
035 _aEN-131164
037 _bDBAD
082 _a615.321
_b1
100 _aManikanda R. ,BalodiBipin and AgrawalaDinesh
_986765
245 _aFlora of Govind Pashu Vihar Wildlife Sanctury,Uttarakhand/
_cby Swarupananda Brahmachari
260 _akolkata
_bThe Director Botanical Survey of India
_c2024
270 _aBlock-F,5th&6th floor DF-Block,Sector 1
_bKolkata
_e700064
300 _a438p.
_c25cm(hb)
942 _2ddc
_cEN
_h615.321
_mMan
999 _c214419
_d214419